Top 20 meilleurs buteurs de la sélection italienne - Statistiques

Statistiques générales
  • Ce quiz a été pris 127 fois
  • Le résultat moyen est 6 sur 20
Statistiques - réponses
Nombre de buts Joueurs % Correct
27 Alessandro Del Piero
86%
27 Roberto Baggio
73%
25 Filippo Inzaghi
70%
17 Ciro Immobile
67%
21 Daniele De Rossi
55%
23 Christian Vieri
53%
16 Luca Toni
47%
20 Paolo Rossi
46%
33 Giuseppe Meazza
39%
35 Luigi Riva
28%
19 Alberto Gilardino
24%
16 Gianluca Vialli
20%
30 Silvio Piola
10%
22 Sandro Mazzola
9%
25 Alessandro Altobelli
3%
23 Francesco Graziani
3%
19 Roberto Bettega
2%
25 Adolfo Baloncieri
1%
15 Angelo Schiavio
1%
15 Julio Libonatti
1%
Aucun quiz correspondant
Distribution des résultats
% des personnes avec chaque résultat
Percentile par nombre de réponses
Votre historique - résultats
Vous n’avez pas pris ce quiz